[Event "Top20"]
[Site "?"]
[Date "2000.09.30"]
[Round "1"]
[White "Cursoux, Gerard"]
[Black "Bruel, Bruno"]
[Result "0-1"]
[WhiteElo "2020"]
[BlackElo "1810"]
[PlyCount "62"]

1. e4 c5 2. Nf3 d6 3. d4 cxd4 4. Nxd4 Nf6 5. Nc3 a6 6. h3 e6 7. g4 h6 8. Bg2
Qc7 9. a4 Nc6 10. O-O Be7 11. Nxc6 bxc6 12. Be3 Rb8 13. Ra2 e5 14. a5 Be6 15.
b3 Qd7 16. f4 exf4 17. Bxf4 Rd8 18. Qe2 Qc8 19. Rd1 O-O 20. Kh1 Rfe8 21. Na4
Qb7 22. Nb6 Bf8 23. c4 d5 24. cxd5 Bxd5 25. exd5 Rxe2 26. Rxe2 cxd5 27. Rc1 Bd6
28. Nxd5 Nxd5 29. Bxd6 Rxd6 30. Rd2 Qxb3 31. Rcd1 Ne3 0-1

[Event "Top20"]
[Site "?"]
[Date "2000.09.30"]
[Round "1"]
[White "Borie, Christian"]
[Black "Cizeron, Frederic"]
[Result "0-1"]
[WhiteElo "1790"]
[BlackElo "1980"]
[PlyCount "48"]
[EventDate "1996.??.??"]

1. e4 b6 2. Bc4 e6 3. Qe2 Bb7 4. Nf3 Nf6 5. d3 d5 6. exd5 Nxd5 7. Bb5+ c6 8.
Bc4 Bd6 9. Bg5 Qc7 10. Bxd5 cxd5 11. c4 h6 12. Bd2 dxc4 13. dxc4 Nd7 14. Nc3 a6
15. Nd5 Qb8 16. Rc1 O-O 17. Nxb6 Bxf3 18. Nxd7 Bxe2 19. Nxb8 Rfxb8 20. Kxe2
Rxb2 21. c5 Bf4 22. Rhd1 Rd8 23. c6 Rdxd2+ 24. Rxd2 Rxd2+ 0-1

[Event "Top20"]
[Site "?"]
[Date "2000.09.30"]
[Round "1"]
[White "Deville, Olivier"]
[Black "Valentin, Alain"]
[Result "1-0"]
[WhiteElo "1970"]
[BlackElo "1770"]
[PlyCount "35"]
[EventDate "1996.??.??"]

1. Nf3 e6 2. d4 Nf6 3. g3 d5 4. Bg2 c5 5. O-O Nc6 6. c4 Bd7 7. cxd5 Nxd5 8. e4
Nf6 9. d5 Ne7 10. d6 Ng6 11. e5 Nd5 12. Nc3 Bc6 13. Re1 Nxc3 14. bxc3 Qd7 15.
a4 f6 16. exf6 gxf6 17. Bh3 Bd5 18. Qxd5 1-0

[Event "Top20"]
[Site "?"]
[Date "2000.09.30"]
[Round "1"]
[White "Walter, Alain"]
[Black "Dzaferi, Asip"]
[Result "0-1"]
[WhiteElo "1760"]
[BlackElo "1960"]
[PlyCount "106"]
[EventDate "1996.??.??"]

1. c4 Nf6 2. Nc3 e6 3. d4 d5 4. e3 c6 5. Nf3 Bd6 6. c5 Be7 7. Bd3 Nbd7 8. O-O
Qc7 9. b4 e5 10. e4 dxe4 11. Nxe4 Nxe4 12. Bxe4 O-O 13. Re1 f5 14. Qb3+ Kh8 15.
Bc2 e4 16. Ne5 Nxe5 17. dxe5 Qxe5 18. Bb2 Qe6 19. f3 Qg6 20. fxe4 Bh4 21. Rf1
f4 22. e5 Qg4 23. Be4 Be6 24. Qc2 Rad8 25. Bf3 Qg5 26. Rad1 Rxd1 27. Rxd1 Bd5
28. Qe2 Bxa2 29. e6 Bd5 30. Bxd5 cxd5 31. Qf3 Qg6 32. Qxd5 f3 33. g3 Qc2 34.
Qd2 f2+ 35. Kf1 Qe4 36. Qd5 Qg4 37. Kg2 f1=Q+ 38. Rxf1 Qe2+ 39. Kh3 Qxf1+ 40.
Kxh4 Qf2 41. Qe5 Qxh2+ 42. Kg4 Qh6 43. e7 Qg6+ 44. Kh3 Re8 45. Bc1 h6 46. Bf4
Qf7 47. Bxh6 Rxe7 48. Qb8+ Re8 49. Bxg7+ Kxg7 50. Qxa7 Qh5+ 51. Kg2 Re2+ 52.
Kf1 Qf3+ 53. Kg1 Qg2# 0-1

[Event "Top20"]
[Site "?"]
[Date "2000.09.30"]
[Round "1"]
[White "Boblin, Laurent"]
[Black "Massard, Christian"]
[Result "1-0"]
[WhiteElo "1940"]
[BlackElo "1750"]
[PlyCount "55"]
[EventDate "1996.??.??"]

1. e4 d5 2. exd5 Nf6 3. d4 Nxd5 4. Nf3 Bg4 5. Be2 e6 6. h3 Bxf3 7. Bxf3 c6 8.
O-O Be7 9. c4 Nf6 10. Nc3 Nbd7 11. Re1 O-O 12. Be3 Nb6 13. Qb3 Qc7 14. d5 cxd5
15. Bxb6 axb6 16. cxd5 Nxd5 17. Bxd5 Qc5 18. Bxb7 Ra7 19. Bf3 Bh4 20. Ne4 Qa5
21. Qc3 Qb5 22. a3 Rd8 23. Rad1 Rad7 24. Rxd7 Rxd7 25. Rd1 Rxd1+ 26. Bxd1 Qd7
27. Ba4 Qd8 28. Qc6 1-0

[Event "Top20"]
[Site "?"]
[Date "2000.09.30"]
[Round "1"]
[White "Rea, Laurent"]
[Black "Ollier, Michel"]
[Result "1-0"]
[WhiteElo "1740"]
[BlackElo "1910"]
[PlyCount "71"]
[EventDate "1996.??.??"]

1. d4 Nf6 2. c4 e6 3. a3 c5 4. d5 exd5 5. cxd5 d6 6. Nc3 g6 7. e4 a6 8. f4 Bg7
9. Nf3 O-O 10. Bd3 Re8 11. O-O b5 12. Re1 Qb6 13. h3 Bb7 14. Kh2 Nbd7 15. Rb1
c4 16. Bc2 Qc7 17. Be3 Re7 18. Bf2 Nh5 19. g3 Ree8 20. Na2 Rac8 21. f5 Ne5 22.
Nxe5 Bxe5 23. Qg4 Qe7 24. Re3 Nf6 25. Qf3 Nh5 26. Nc3 Qg5 27. Rg1 Rf8 28. h4
Qxh4+ 29. Kg2 Qf6 30. Rh1 Ng7 31. Ree1 Rce8 32. Rh3 h5 33. Reh1 g5 34. Qd1 g4
35. Qxg4 Bxc3 36. Rxh5 1-0

[Event "Top20"]
[Site "?"]
[Date "2000.09.30"]
[Round "1"]
[White "Graillon, David"]
[Black "Bellon, Yves"]
[Result "0-1"]
[WhiteElo "1890"]
[BlackElo "1710"]
[PlyCount "74"]
[EventDate "1996.??.??"]

1. e4 c5 2. Bc4 e6 3. c3 Nc6 4. f4 d5 5. exd5 exd5 6. Qe2+ Be7 7. Bb5 Nf6 8.
Nf3 O-O 9. Bxc6 bxc6 10. Ne5 Qc7 11. d4 Bd6 12. O-O Re8 13. Nd2 cxd4 14. cxd4
Qb6 15. Qf2 c5 16. b3 cxd4 17. Bb2 Bc5 18. Nd3 Ng4 19. Qh4 Bf5 20. Nxc5 Qxc5
21. Qg5 g6 22. h3 Ne3 23. Nf3 Nxf1 24. Bxd4 Qe7 25. Bf6 Qf8 26. Rxf1 Rac8 27.
g4 Be4 28. Nd4 Rc3 29. Qh4 Rd3 30. f5 Qd6 31. Ne2 Rd2 32. fxg6 Bxg6 33. Qh6
Qc5+ 34. Rf2 Rd1+ 35. Kg2 Be4+ 36. Kg3 Rd3+ 37. Kf4 Qe3# 0-1

[Event "Top20"]
[Site "?"]
[Date "2000.09.30"]
[Round "1"]
[White "Dzaferi, Afit"]
[Black "Verdelli, Maximilien"]
[Result "1/2-1/2"]
[WhiteElo "1700"]
[BlackElo "1840"]
[PlyCount "98"]
[EventDate "1996.??.??"]

1. e4 c5 2. Bc4 d6 3. Nf3 e6 4. Nc3 a6 5. a4 Nf6 6. d3 Nc6 7. Bg5 Be7 8. Bf4
O-O 9. e5 Nh5 10. Qd2 Nxf4 11. Qxf4 dxe5 12. Nxe5 Nd4 13. Qd2 Bg5 14. Qd1 Bf4
15. Nf3 Qa5 16. O-O Qb4 17. Rb1 Bd7 18. Ne4 Bxa4 19. b3 Bc6 20. c3 Nxf3+ 21.
Qxf3 Bxh2+ 22. Kxh2 Qb6 23. Qh5 Qc7+ 24. Kg1 b5 25. Ng5 h6 26. Nxe6 fxe6 27.
Bxe6+ Kh8 28. d4 cxd4 29. cxd4 Qb7 30. d5 Bd7 31. g4 Bxe6 32. dxe6 Qe7 33. Rfe1
Rf6 34. Qd5 Re8 35. Qd7 Rxe6 36. Qxe7 R8xe7 37. Red1 Kh7 38. Kg2 g5 39. Rd3 Kg6
40. Rh1 Rh7 41. Rd8 Kf7 42. Ra8 Kg6 43. Ra1 Rb7 44. R8xa6 Rbb6 45. Ra8 Kf6 46.
Rc8 Rec6 47. Rxc6+ Rxc6 48. Ra5 Rb6 49. Kf3 Ke5 1/2-1/2

[Event "Top20"]
[Site "?"]
[Date "2000.10.21"]
[Round "2"]
[White "Cizeron, Frederic"]
[Black "Rea, Laurent"]
[Result "1-0"]
[WhiteElo "1980"]
[BlackElo "1740"]
[PlyCount "161"]
[EventDate "1996.??.??"]

1. b3 d5 2. Bb2 c5 3. Nf3 Bg4 4. e3 Nc6 5. Be2 Nf6 6. h3 Bxf3 7. Bxf3 e5 8. O-O
Be7 9. d3 O-O 10. Nd2 Qd6 11. c4 d4 12. Bxc6 Qxc6 13. e4 Nd7 14. g4 Qh6 15. Kg2
g6 16. Bc1 f5 17. Qf3 f4 18. Nb1 Rf7 19. Na3 a6 20. Rh1 Qh4 21. Bd2 Nf8 22.
Rag1 Ne6 23. Kf1 Ng5 24. Qd1 Ne6 25. f3 Qh6 26. Be1 Rb8 27. h4 Qg7 28. Rg2 h6
29. h5 g5 30. Rhh2 Bd8 31. Rb2 b5 32. b4 Rfb7 33. Qb1 Qc7 34. cxb5 axb5 35.
bxc5 Qxc5 36. Bb4 Qc6 37. Rbc2 Qd7 38. Rc1 Be7 39. Rhc2 Ra7 40. Bxe7 Qxe7 41.
Rc8+ Rxc8 42. Rxc8+ Nd8 43. Nxb5 Rb7 44. Qb3+ Kf8 45. Qd5 Rd7 46. Qc5 Qxc5 47.
Rxc5 Nf7 48. Ke2 Rb7 49. Kd2 Ke7 50. Rc7+ Rxc7 51. Nxc7 Kd6 52. Ne8+ Kc5 53.
Kc2 Kb4 54. Kb2 Ka4 55. Ng7 Kb4 56. Nf5 Ka4 57. a3 Kb5 58. Kb3 Ka5 59. a4 Kb6
60. Kb4 Ka6 61. a5 Kb7 62. Kb5 Ka7 63. a6 Kb8 64. Kb6 Ka8 65. a7 Nd6 66. Kc5
Nf7 67. Kd5 Kxa7 68. Ke6 Nd8+ 69. Kxe5 Kb7 70. Nxh6 Kc7 71. Nf5 Kd7 72. Kf6 Ne6
73. h6 Nf8 74. h7 Nxh7+ 75. Kg7 Ke8 76. Kxh7 Kf7 77. Nxd4 Kf6 78. Nf5 Kf7 79.
d4 Ke6 80. Kh6 Kf6 81. e5+ 1-0

[Event "Top20"]
[Site "?"]
[Date "2000.10.21"]
[Round "2"]
[White "Bruel, Bruno"]
[Black "Deville, Olivier"]
[Result "0-1"]
[WhiteElo "1810"]
[BlackElo "1970"]
[PlyCount "54"]
[EventDate "1996.??.??"]

1. d4 d5 2. c4 e6 3. Nf3 c6 4. Nc3 dxc4 5. a4 Bb4 6. e4 b5 7. Bd2 a5 8. axb5
Bxc3 9. Bxc3 cxb5 10. b3 Bb7 11. d5 Nf6 12. Bxf6 Qxf6 13. bxc4 b4 14. Qa4+ Nd7
15. Rc1 Bc8 16. Qc6 Rb8 17. Bd3 O-O 18. O-O Ne5 19. Nxe5 Qxe5 20. Kh1 exd5 21.
f4 Qd4 22. Qxd5 Rd8 23. Qxd4 Rxd4 24. Rfd1 Bg4 25. Rd2 Rbd8 26. h3 Bd7 27. Ra1
Be8 0-1

[Event "Top20"]
[Site "?"]
[Date "2000.10.21"]
[Round "2"]
[White "Dzaferi, Asip"]
[Black "Roche, Marius"]
[Result "1-0"]
[WhiteElo "1960"]
[BlackElo "1700"]
[PlyCount "63"]
[EventDate "1996.??.??"]

1. d4 f5 2. c4 Nf6 3. Nc3 g6 4. Nf3 Bg7 5. e3 O-O 6. Be2 Kh8 7. h4 d6 8. b4 c6
9. a4 Na6 10. b5 Nc7 11. Ba3 cxb5 12. axb5 b6 13. Qb3 Be6 14. Ng5 Bg8 15. h5
Ne6 16. Nxe6 Bxe6 17. hxg6 h6 18. Bb2 Qe8 19. Bf3 Ne4 20. Nxe4 fxe4 21. Bxe4
Rc8 22. d5 Bf5 23. Bxf5 Rxf5 24. Rxh6+ Kg8 25. Rh7 Bxb2 26. Qxb2 Rf6 27. Rxa7
Qxg6 28. Raxe7 Qf5 29. g4 Qf3 30. g5 Rxc4 31. Reg7+ Kf8 32. gxf6 1-0

[Event "Top20"]
[Site "?"]
[Date "2000.10.21"]
[Round "2"]
[White "Bellon, Yves"]
[Black "Boblin, Laurent"]
[Result "0-1"]
[WhiteElo "1710"]
[BlackElo "1940"]
[PlyCount "148"]
[EventDate "1996.??.??"]

1. c4 e5 2. Nc3 Nf6 3. Nf3 Nc6 4. g3 d5 5. cxd5 Nxd5 6. d3 Be7 7. Bg2 Be6 8.
O-O O-O 9. Bd2 f6 10. a3 Qd7 11. Rc1 Rac8 12. Re1 Nd4 13. Qa4 Qxa4 14. Nxa4 Nb3
15. Rc2 Nxd2 16. Nxd2 c5 17. Rec1 b6 18. Bxd5 Bxd5 19. b4 Bc6 20. Nb2 Bd7 21.
bxc5 Bxc5 22. a4 Ba3 23. Rxc8 Rxc8 24. Rxc8+ Bxc8 25. Ndc4 Bb4 26. Kf1 Kf7 27.
e3 Ke6 28. Ke2 Kd5 29. e4+ Kd4 30. f4 Bg4+ 31. Kf2 Kc3 32. fxe5 fxe5 33. Nxe5
Bc5+ 34. Ke1 Kxb2 35. Nxg4 Kc3 36. Ke2 Kb4 37. Ne5 Kxa4 38. Kd2 Kb3 39. Nc6 a5
40. d4 Bf8 41. Kc1 a4 42. d5 Ba3+ 43. Kd2 Kc4 44. Kc2 Kc5 45. Kb1 Kd6 46. Kc2
h5 47. h3 Bc5 48. Kc3 b5 49. g4 g6 50. Kd3 Bf2 51. Kc3 Kc5 52. Kb2 b4 53. e5
Kxd5 54. Nxb4+ Ke6 55. Nc6 hxg4 56. hxg4 Bc5 57. Kc3 Kd5 58. Nb8 Kxe5 59. Nd7+
Kd5 60. Nf6+ Ke6 61. Ne4 Be7 62. Kd3 a3 63. Nc3 Ke5 64. Ke3 Bc5+ 65. Kd3 Kf4
66. g5 Bf8 67. Ke2 Kxg5 68. Kf3 Kh4 69. Kg2 Kg4 70. Na2 Kf4 71. Kf2 g5 72. Nc3
Bc5+ 73. Kg2 Ke3 74. Kf1 Kd3 0-1

[Event "Top20"]
[Site "?"]
[Date "2000.10.21"]
[Round "2"]
[White "Verdelli, Maximilien"]
[Black "Cursoux, Gerard"]
[Result "0-1"]
[WhiteElo "1840"]
[BlackElo "2020"]
[PlyCount "74"]
[EventDate "1996.??.??"]

1. d4 Nf6 2. c4 c5 3. d5 b5 4. cxb5 a6 5. bxa6 Bxa6 6. Nc3 d6 7. f4 g6 8. Nf3
Bg7 9. e4 Bxf1 10. Rxf1 Qa5 11. e5 Ne4 12. Qd3 Nxc3 13. bxc3 Nd7 14. Qe3 O-O
15. Bd2 Nb6 16. Qe4 Qa4 17. Qd3 Nc4 18. Kf2 Nb2 19. Qe2 Qc4 20. Qxc4 Nxc4 21.
Rfe1 Nb6 22. exd6 exd6 23. Ng5 Nxd5 24. Ne4 Ra6 25. Rec1 Re8 26. Kf3 f5 27. Ng3
Ra3 28. Ne2 Nb4 29. Kf2 Nd3+ 30. Kf1 Nxc1 31. Bxc1 Ra4 32. Bd2 Rb8 33. Bc1 d5
34. a3 d4 35. cxd4 cxd4 36. Ra2 d3 37. Ng1 Rb1 0-1

[Event "Top20"]
[Site "?"]
[Date "2000.10.21"]
[Round "2"]
[White "Garon, Pierre"]
[Black "Dzaferi, Afit"]
[Result "0-1"]
[WhiteElo "1930"]
[BlackElo "1700"]
[PlyCount "99"]
[EventDate "1996.??.??"]

1. c4 e6 2. Nc3 Nf6 3. e4 Nc6 4. d4 Bb4 5. d5 exd5 6. exd5 Qe7+ 7. Be2 Ne4 8.
dxc6 Nxc3 9. bxc3 Bxc3+ 10. Bd2 Bxa1 11. cxd7+ Bxd7 12. Qxa1 O-O-O 13. Qc3 Qe4
14. Nf3 Bg4 15. Qb2 Rhe8 16. Be3 f5 17. h3 Bh5 18. O-O f4 19. Ng5 Qg6 20. Bxh5
Qxh5 21. Bxf4 h6 22. Nf3 Rf8 23. Bg3 Qc5 24. Rb1 b6 25. Qc2 a6 26. Qe4 Kb8 27.
Ne5 Rf6 28. Nd3 Qd4 29. Qxd4 Rxd4 30. Ne5 Re6 31. Kf1 Kb7 32. Rb3 Rd2 33. a3 g5
34. Rd3 Ra2 35. Bh2 h5 36. g4 h4 37. Nf3 Rf6 38. Be5 Rf7 39. Kg2 c5 40. Rb3 Re2
41. Bc3 Ka7 42. Rb2 Re8 43. Bd2 Re2 44. Kf1 Re8 45. Bxg5 Rxf3 46. Bxh4 Rxh3 47.
Bf6 Rxa3 48. Rc2 Rf3 49. g5 Rg8 50. Kg2 0-1

[Event "Top20"]
[Site "?"]
[Date "2000.10.21"]
[Round "2"]
[White "Valentin, Alain"]
[Black "Clement, Paul"]
[Result "1/2-1/2"]
[WhiteElo "1770"]
[BlackElo "1920"]
[PlyCount "84"]
[EventDate "1996.??.??"]

1. d4 Nf6 2. c4 g6 3. Nc3 Bg7 4. e4 d6 5. Be2 O-O 6. Bg5 h6 7. Be3 c6 8. Qd2
Kh7 9. f3 e5 10. d5 c5 11. h4 Nh5 12. g4 Ng3 13. Rh2 Nxe2 14. Ngxe2 f5 15. h5
f4 16. hxg6+ Kxg6 17. Bf2 Bf6 18. O-O-O Rh8 19. Rdh1 Qb6 20. Qe1 Bd7 21. Bh4
Bg7 22. Be7 Kf7 23. Bg5 Na6 24. Bxh6 Nb4 25. Qd1 Bxh6 26. Rxh6 Rxh6 27. Rxh6
Kg7 28. Rh2 Rh8 29. Rxh8 Kxh8 30. a3 Na6 31. Qh1+ Kg7 32. g5 Qd8 33. Qh6+ Kg8
34. Qg6+ Kf8 35. Qxd6+ Qe7 36. Qxe7+ Kxe7 37. Nd1 Bh3 38. Nf2 Bf1 39. Kd2 Nb8
40. Nd3 Bxe2 41. Kxe2 Nd7 42. b4 b6 1/2-1/2

[Event "Top20"]
[Site "?"]
[Date "2000.10.21"]
[Round "2"]
[White "Ollier, Michel"]
[Black "Petit, Didier"]
[Result "0-1"]
[WhiteElo "1910"]
[BlackElo "1760"]
[PlyCount "100"]
[EventDate "1996.??.??"]

1. e4 e6 2. d4 d5 3. Nc3 dxe4 4. Nxe4 Be7 5. Nf3 Nf6 6. Bd3 Nbd7 7. Qe2 c5 8.
dxc5 Nxe4 9. Bxe4 Qa5+ 10. Bd2 Qxc5 11. c3 Qc7 12. O-O O-O 13. Rad1 Nf6 14. Bb1
b6 15. Ne5 Bb7 16. f4 Rad8 17. Kh1 Qc8 18. a3 Qa8 19. c4 g6 20. Bc3 Be4 21. Ng4
Bxg2+ 22. Qxg2 Qxg2+ 23. Kxg2 Nxg4 24. Rde1 Bc5 25. Rf3 Bd4 26. Bb4 Rfe8 27. h3
Nh6 28. Re2 Nf5 29. Be1 Bf6 30. Bf2 Nd4 31. Bxd4 Rxd4 32. Rc2 Rc8 33. Ba2 Be7
34. b4 a5 35. bxa5 bxa5 36. Kg3 Bd6 37. h4 Kg7 38. Rcf2 Bc5 39. Re2 Rd1 40. Rb3
Rg1+ 41. Kh3 Rd8 42. Rf3 h5 43. a4 Rdd1 44. Bb3 Rc1 45. Rg2 Rge1 46. Bc2 Be7
47. Rff2 Rh1+ 48. Rh2 Rhe1 49. Rf3 Rg1 50. Rg3 Rgf1 0-1

[Event "Top20"]
[Site "?"]
[Date "2000.10.21"]
[Round "2"]
[White "Walter, Alain"]
[Black "Graillon, David"]
[Result "1/2-1/2"]
[WhiteElo "1760"]
[BlackElo "1890"]
[PlyCount "129"]
[EventDate "1996.??.??"]

1. c4 e5 2. Nc3 Nf6 3. Nf3 Nc6 4. g3 d6 5. Bg2 h6 6. d3 Bg4 7. Be3 Be7 8. O-O
O-O 9. a3 Re8 10. Qd2 Bf8 11. b4 Qd7 12. Ne4 Nh7 13. b5 Ne7 14. Nxe5 dxe5 15.
Nc5 Qd8 16. Nxb7 Qc8 17. Na5 Bh3 18. Bb7 Qd7 19. Rfe1 Rab8 20. d4 Qf5 21. Qd3
Rxb7 22. Nxb7 e4 23. Qd2 Ng6 24. Bf4 e3 25. Qd3 Qc8 26. Bxe3 Qxb7 27. f3 Ng5
28. Bxg5 hxg5 29. Kf2 Qc8 30. e4 c6 31. c5 Bd7 32. a4 Qb8 33. Rab1 Qc7 34. b6
axb6 35. cxb6 Qb7 36. a5 Ra8 37. Ra1 c5 38. Reb1 Ra6 39. Rc1 Rxb6 40. axb6 Qxb6
41. Rcb1 Qe6 42. d5 Qf6 43. Kg2 g4 44. f4 Qxf4 45. Kh1 Qh6 46. Ra6 Ne5 47. Rxh6
Nxd3 48. Ra6 Nf2+ 49. Kg2 Nxe4 50. Rb8 Nf6 51. Raa8 Nh7 52. Kf2 g6 53. Rb7 Bf5
54. Raa7 Ng5 55. Ke3 Bd6 56. Rb6 Be5 57. d6 Bd4+ 58. Ke2 Bg1 59. Rb8+ Kg7 60.
d7 Bxd7 61. Rxd7 Bd4 62. Rbb7 Kf6 63. Kd3 Bg1 64. Rd5 Ne6 65. Rb2 1/2-1/2

[Event "Top20"]
[Site "?"]
[Date "2000.10.21"]
[Round "2"]
[White "Massard, Christian"]
[Black "Borie, Christian"]
[Result "1-0"]
[WhiteElo "1750"]
[BlackElo "1790"]
[PlyCount "35"]
[EventDate "1996.??.??"]

1. Nf3 g6 2. g3 Bg7 3. c4 e5 4. Nc3 Ne7 5. Bg2 O-O 6. O-O Nbc6 7. e3 d5 8. cxd5
Nxd5 9. Nxd5 Qxd5 10. d4 e4 11. Nd2 f5 12. a3 b6 13. b4 a5 14. bxa5 Nxa5 15.
Bb2 Ba6 16. Re1 c5 17. Nf1 Bd3 18. Qxd3 1-0

[Event "Top20"]
[Site "?"]
[Date "2000.11.25"]
[Round "3"]
[White "Boblin, Laurent"]
[Black "Cizeron, Frederic"]
[Result "0-1"]
[WhiteElo "1940"]
[BlackElo "1980"]
[PlyCount "88"]
[EventDate "1996.??.??"]

1. e4 b6 2. d4 Bb7 3. Bd3 Nf6 4. Qe2 e6 5. Bg5 Be7 6. Nf3 d5 7. Nbd2 dxe4 8.
Nxe4 Nbd7 9. O-O O-O 10. Rfe1 Nxe4 11. Bxe7 Qxe7 12. Bxe4 Bxe4 13. Qxe4 Nf6 14.
Qe2 c5 15. Rad1 Rfd8 16. Rd2 cxd4 17. Nxd4 Qc5 18. Red1 Rd7 19. Qb5 Rxd4 20.
Qxc5 bxc5 21. Rxd4 cxd4 22. Rxd4 Kf8 23. Kf1 Ke7 24. Ke2 Rb8 25. b3 Nd5 26. a4
Rb4 27. Rxb4 Nxb4 28. c3 Nd5 29. Kd3 Kd6 30. g3 e5 31. h4 f5 32. b4 h6 33. h5
Nf6 34. c4 Nxh5 35. a5 Nf6 36. f4 e4+ 37. Kd4 Ng4 38. b5 e3 39. c5+ Kc7 40. Kd3
g5 41. a6 gxf4 42. gxf4 h5 43. b6+ axb6 44. a7 Kb7 0-1

[Event "Top20"]
[Site "?"]
[Date "2000.11.25"]
[Round "3"]
[White "Deville, Olivier"]
[Black "Dzaferi, Asip"]
[Result "1/2-1/2"]
[WhiteElo "1970"]
[BlackElo "1960"]
[PlyCount "81"]
[EventDate "1996.??.??"]

1. d4 d5 2. Nf3 c5 3. c3 e6 4. e3 Nf6 5. Bd3 Nc6 6. O-O c4 7. Bc2 Bd6 8. Nbd2
O-O 9. e4 Bf4 10. Re1 e5 11. exd5 Qxd5 12. dxe5 Nxe5 13. Nxe5 Bxe5 14. Nf3 Qxd1
15. Rxd1 Bc7 16. Bg5 Bg4 17. Rd4 Bh5 18. Bxf6 gxf6 19. Rxc4 Rac8 20. Rh4 Bg6
21. Bxg6 fxg6 22. Re4 Rcd8 23. Rae1 Rf7 24. Re8+ Rf8 25. Rxf8+ Kxf8 26. Nd4 Kf7
27. Kf1 Bb6 28. Rd1 Rd5 29. Ke2 Re5+ 30. Kd3 a6 31. f3 Ke7 32. Rd2 Bc7 33. h3
Rd5 34. Re2+ Kd7 35. Kc4 Rd6 36. Nb3 Rc6+ 37. Nc5+ Kd8 38. Kd5 Rd6+ 39. Kc4 Rc6
40. Kd5 Rd6+ 41. Kc4 1/2-1/2

[Event "Top20"]
[Site "?"]
[Date "2000.11.25"]
[Round "3"]
[White "Dzaferi, Afit"]
[Black "Bruel, Bruno"]
[Result "1-0"]
[WhiteElo "1700"]
[BlackElo "1810"]
[PlyCount "137"]
[EventDate "1996.??.??"]

1. e4 c5 2. Bc4 d6 3. Nf3 Nc6 4. c3 e6 5. d4 d5 6. exd5 exd5 7. Bb3 Nf6 8. O-O
c4 9. Bc2 Bg4 10. b3 Be7 11. bxc4 dxc4 12. Nbd2 Nd5 13. Bb2 b5 14. h3 Bh5 15.
Be4 O-O 16. Qc2 Bg6 17. Rfe1 f5 18. Bxd5+ Qxd5 19. Ne5 Nxe5 20. Rxe5 Qd7 21. a4
a6 22. Nf3 Bd6 23. Ree1 f4 24. Qd1 Bh5 25. Ne5 Qf5 26. f3 Rfe8 27. axb5 axb5
28. Rxa8 Rxa8 29. Nc6 Re8 30. Rxe8+ Bxe8 31. Nb4 Qe6 32. Qd2 g5 33. Kf2 h5 34.
Qe2 Qxe2+ 35. Kxe2 Kf7 36. Nc2 Bd7 37. Na3 Kf6 38. Kf2 Kf5 39. Nb1 Bc6 40. Nd2
Bd5 41. Nf1 b4 42. Nd2 b3 43. Nb1 g4 44. hxg4+ hxg4 45. Nd2 Be7 46. Nb1 Kg5 47.
Nd2 Bf7 48. Bc1 Kf5 49. Ke2 Bd5 50. Bb2 Bd8 51. Nf1 Bf7 52. Nh2 gxf3+ 53. gxf3
Ke6 54. Ng4 Bg6 55. Ne5 Bh7 56. Nxc4 Bg8 57. Nd2 Kd6 58. c4 Ba5 59. Ne4+ Kc6
60. d5+ Kb6 61. Kd3 Bb4 62. Bd4+ Kc7 63. Be5+ Kb6 64. Bxf4 Bh7 65. Be3+ Kc7 66.
Bd4 Bg6 67. c5 Bxc5 68. Bxc5 b2 69. Kc2 1-0

[Event "Top20"]
[Site "?"]
[Date "2000.11.25"]
[Round "3"]
[White "Cursoux, Gerard"]
[Black "Rea, Laurent"]
[Result "1-0"]
[WhiteElo "2020"]
[BlackElo "1740"]
[PlyCount "97"]
[EventDate "1996.??.??"]

1. c4 Nf6 2. Nc3 d6 3. g3 e5 4. Bg2 c6 5. Nf3 Be7 6. O-O Nbd7 7. d3 O-O 8. e4
Ne8 9. g4 Nc5 10. h3 Ne6 11. d4 Qc7 12. d5 Nc5 13. b4 Nd7 14. Be3 a6 15. a4 c5
16. bxc5 Nxc5 17. Ne1 Nd7 18. Qb3 Qd8 19. Nd3 Bg5 20. Bxg5 Qxg5 21. a5 h5 22.
f3 hxg4 23. fxg4 Qe3+ 24. Nf2 Nc5 25. Qc2 Nf6 26. Rfe1 Qh6 27. Na4 Nxa4 28.
Rxa4 Nh7 29. Rb4 Ng5 30. c5 Qf6 31. cxd6 Qxd6 32. Qd2 f6 33. Rb6 Qd8 34. Rc1
Ne6 35. Qc3 Nd4 36. Bf1 Rf7 37. Kg2 f5 38. gxf5 Bxf5 39. exf5 Qxd5+ 40. Kg3
Rxf5 41. Bc4 Ne2+ 42. Bxe2 Qd8 43. Qc4+ Kf8 44. Ne4 Rf4 45. Bg4 Rf7 46. Rf1
Rxf1 47. Qxf1+ Kg8 48. Rxb7 Qd5 49. Rxg7+ 1-0

[Event "Top20"]
[Site "?"]
[Date "2000.11.25"]
[Round "3"]
[White "Petit, Didier"]
[Black "Bellon, Yves"]
[Result "1-0"]
[WhiteElo "1760"]
[BlackElo "1710"]
[PlyCount "183"]
[EventDate "1996.??.??"]

1. d4 Nf6 2. Nf3 e6 3. c4 c5 4. e3 b6 5. Nc3 Be7 6. d5 exd5 7. cxd5 d6 8. Bb5+
Bd7 9. Bc4 O-O 10. O-O Re8 11. e4 Bf8 12. Bg5 h6 13. Bh4 b5 14. Nxb5 Rxe4 15.
Qc2 Bf5 16. Bd3 Rb4 17. Bxf6 gxf6 18. Bxf5 Rxb5 19. Qe2 Rb4 20. a3 Rf4 21. Bc2
Qc8 22. Qd3 Bg7 23. Rae1 Nd7 24. g3 Rxf3 25. Qxf3 Ne5 26. Qe4 Qh3 27. f4 f5 28.
Qe2 Ng4 29. Bxf5 Bd4+ 30. Kh1 Nf2+ 31. Rxf2 Qxf5 32. Rg2 Qxd5 33. g4 Rb8 34. g5
hxg5 35. fxg5 Rxb2 36. Qg4 Rxg2 37. Qxg2 Qxg2+ 38. Kxg2 Be5 39. h4 c4 40. Kf3
Kg7 41. Ke4 Kg6 42. Rh1 Kh5 43. a4 c3 44. Kf5 Bg7 45. Ke4 Kg4 46. Kd5 c2 47.
Rc1 Kxh4 48. Rxc2 Kxg5 49. Rg2+ Kf6 50. Kxd6 Bf8+ 51. Kd7 Bc5 52. Ke8 Ke6 53.
Rc2 Bb6 54. Re2+ Kd5 55. Kxf7 Kd6 56. Ke8 Kc5 57. Rb2 Kc6 58. Rb3 Bc7 59. Rc3+
Kb7 60. Kd7 Bb6 61. Rb3 Ka6 62. Rb5 Be3 63. Kc6 Bf2 64. Rb2 Be3 65. Rb5 Bf2 66.
Kd5 Be3 67. Kc4 Bf2 68. Re5 Bg3 69. Re3 Bf2 70. Re2 Bg3 71. Kc5 Ka5 72. Kc4 Bc7
73. Re7 Bb6 74. Kb3 Bd4 75. Rd7 Be3 76. Rd5+ Ka6 77. Kb4 Bf2 78. Rd6+ Kb7 79.
a5 Kc7 80. Rf6 Be3 81. Kb5 Bd4 82. Rf7+ Kd6 83. Ka6 Kc6 84. Rf4 Be3 85. Rc4+
Kd7 86. Kb7 Bf2 87. a6 Be3 88. Rc7+ Kd6 89. Rc3 Bb6 90. Rc6+ Kd7 91. Rxb6 axb6
92. a7 1-0

[Event "Top20"]
[Site "?"]
[Date "2000.11.25"]
[Round "3"]
[White "Roche, Marius"]
[Black "Massard, Christian"]
[Result "1/2-1/2"]
[WhiteElo "1700"]
[BlackElo "1750"]
[PlyCount "83"]
[EventDate "1996.??.??"]

1. d4 g6 2. Nf3 Bg7 3. Bf4 d6 4. h3 Nf6 5. e3 O-O 6. Be2 b6 7. O-O Bb7 8. c4 c5
9. Nc3 cxd4 10. exd4 Nbd7 11. Rc1 Rc8 12. b4 Bxf3 13. gxf3 Nh5 14. Bg5 Ndf6 15.
Ne4 h6 16. Nxf6+ Nxf6 17. Be3 Nd7 18. Qd2 Kh7 19. Kh2 f5 20. f4 Nf6 21. Bf3 e6
22. c5 dxc5 23. bxc5 bxc5 24. dxc5 Qxd2 25. Bxd2 Rfd8 26. Be3 Nd5 27. Kg2 e5
28. Bxd5 Rxd5 29. c6 a5 30. Rc2 exf4 31. Bxf4 g5 32. Bd2 Rd6 33. Rfc1 a4 34.
Bb4 Rd4 35. a3 Be5 36. Rc4 Rd3 37. R1c2 f4 38. f3 Kg6 39. Bc3 Bd6 40. Bb4 Be5
41. Bc3 Bd6 42. Bb4 1/2-1/2

[Event "Top20"]
[Site "?"]
[Date "2000.11.25"]
[Round "3"]
[White "Graillon, David"]
[Black "Valentin, Alain"]
[Result "1-0"]
[WhiteElo "1890"]
[BlackElo "1770"]
[PlyCount "111"]
[EventDate "1996.??.??"]

1. Nc3 e6 2. d4 d5 3. Nf3 Nf6 4. Bg5 h6 5. Bh4 c5 6. e3 Qb6 7. Be2 cxd4 8. exd4
Qxb2 9. Nb5 Qb4+ 10. c3 Qa5 11. Bg3 Na6 12. O-O Ne4 13. Rb1 Nxg3 14. fxg3 Be7
15. Ne5 O-O 16. Bh5 f6 17. Ng6 Re8 18. Nxe7+ Rxe7 19. Nd6 Qd8 20. Qg4 f5 21.
Qf4 b6 22. g4 Rd7 23. Nxc8 Rxc8 24. Rbe1 Qf6 25. gxf5 exf5 26. Re5 Rf8 27. Bd1
Kh7 28. Bc2 g6 29. Rfe1 Nc7 30. Ba4 b5 31. Bb3 Rff7 32. a4 a6 33. axb5 axb5 34.
Qf3 Rfe7 35. Kf1 Rxe5 36. Rxe5 Qd6 37. Bc2 Kg7 38. Qg3 Rf7 39. Kg1 Ne6 40. Rxf5
Qxg3 41. Rxf7+ Kxf7 42. hxg3 Kf6 43. Bd3 Nc7 44. Kf2 g5 45. Ke3 h5 46. Kf3 Kf7
47. Ke3 Kf6 48. Kd2 h4 49. Ke3 hxg3 50. Kf3 Ne8 51. Bxb5 Nd6 52. Bd3 Nc4 53.
Bxc4 dxc4 54. Kxg3 Kf5 55. Kf3 g4+ 56. Ke3 1-0